Fiabilidad y seguridad: su aplicación en procesos industriales

Salvato in:
Dettagli Bibliografici
Autore principale: Creus Solé, Antonio (Autore)
Natura: Libro
Lingua:spagnolo
Pubblicazione: Barcelona Marcombo 2005
Edizione:2a. ed
Soggetti:
Tags: Aggiungi Tag
Nessun Tag, puoi essere il primo ad aggiungerne!!

MARC

LEADER 00000nam a2200000 a 4500
001 UCH3330
003 CL-VaPUC
008 090723e20050000sp |||||||||||||||||spa|d
020 |a 8426713629 
082 0 4 |a 620.004  |b CRE  |2 21 
100 |a Creus Solé, Antonio  |e author  |9 579122 
245 1 0 |a Fiabilidad y seguridad: su aplicación en procesos industriales 
250 |a 2a. ed 
300 |a 469 p 
942 |c BK 
945 |d 20090723 00:00:00  |a dcastane 
260 |a Barcelona  |b Marcombo  |c 2005 
650 7 |a CONFIABILIDAD INGENIERIA  |2 CL-VaPUC  |9 306237 
650 7 |a SEGURIDAD INDUSTRIAL  |2 CL-VaPUC  |9 254906 
583 |a last modification  |c 20171122 01:15:13  |k Rodrigo Vera 
999 |c 334923  |d 334921